Chau, señor miedo /
Graciela no puede dormir porque tiene miedo a los fantasmas, a los ruidos extraños y a la oscuridad. Con la ayuda y el humor de Carlos, su hermano mayor, aprenderá a enfrentar y superar sus miedos.
Guardado en:
| Autor Principal: | |
|---|---|
| Otros Autores: | |
| Formato: | Libro |
| Idioma: | Spanish |
| Publicado: |
Buenos Aires :
Norma,
2019.
|
| Edición: | 2a ed. |
| Series: | Torre roja
|
| Materias: | |
| Etiquetas: |
Agregar Etiqueta
Sin Etiquetas, Sea el primero en etiquetar este registro!
|
| LEADER | 00982nam a22002655a 4500 | ||
|---|---|---|---|
| 001 | CEM.cems020762 | ||
| 008 | 231214s2019##################000#0#spa#d | ||
| 005 | 20231214152129.0 | ||
| 245 | 1 | 0 | |a Chau, señor miedo / |c María Inés Falconi ; ilustraciones de Istvansch |
| 250 | |a 2a ed. | ||
| 260 | |a Buenos Aires : |b Norma, |c 2019. | ||
| 300 | |a 80 p. | ||
| 490 | 0 | |a Torre roja | |
| 500 | |a A partir de los 7 años. | ||
| 520 | |a Graciela no puede dormir porque tiene miedo a los fantasmas, a los ruidos extraños y a la oscuridad. Con la ayuda y el humor de Carlos, su hermano mayor, aprenderá a enfrentar y superar sus miedos. | ||
| 020 | |a 9789875457898 | ||
| 100 | 1 | |a Falconi, María Inés | |
| 700 | 1 | |a Istvansch; il. | |
| 082 | 0 | 4 | |a SGA862.4 |
| 653 | |a Literatura | ||
| 653 | |a Literatura argentina infantil | ||
| 653 | |a Teatro | ||
| 653 | |a Teatro infantil argentino | ||
| 653 | |a Literatura argentina | ||
| 859 | |a CEMS |b BIB. CEMS - Inicial y Primaria |h A862.4 |i F181-2 |k IP |p 6735 |t Ej.1 | ||
